Cataloguing of Pakistani names. (Record no. 69196)

MARC details
000 -LEADER
fixed length control field 00803cam a22002651 4500
001 - CONTROL NUMBER
control field sa 66003960
003 - CONTROL NUMBER IDENTIFIER
control field DLC
005 - DATE AND TIME OF LATEST TRANSACTION
control field 20260227112239.0
008 - FIXED-LENGTH DATA ELEMENTS--GENERAL INFORMATION
fixed length control field 840213s1964 pk b 000 0 eng
010 ## - LIBRARY OF CONGRESS CONTROL NUMBER
LC control number sa 66003960
025 ## - OVERSEAS ACQUISITION NUMBER
Overseas acquisition number PL480:P-E-834
035 ## - SYSTEM CONTROL NUMBER
System control number (OCoLC)10408025
040 ## - CATALOGING SOURCE
Original cataloging agency DLC
Transcribing agency NBuU
Modifying agency DLC
042 ## - AUTHENTICATION CODE
Authentication code premarc
050 00 - LIBRARY OF CONGRESS CALL NUMBER
Classification number Z695.1.P4
Item number K5
100 1# - MAIN ENTRY--PERSONAL NAME
Personal name Khurshid, Anis.
245 10 - TITLE STATEMENT
Title Cataloguing of Pakistani names.
260 ## - PUBLICATION, DISTRIBUTION, ETC.
Place of publication, distribution, etc. [Karachi]
Date of publication, distribution, etc. 1964.
300 ## - PHYSICAL DESCRIPTION
Extent 42, xviii p.
Dimensions 27 cm.
490 1# - SERIES STATEMENT
Series statement University of Karachi Library Science Dept. Occasional papers
504 ## - BIBLIOGRAPHY, ETC. NOTE
Bibliography, etc. note Bibliography: p. xii-xiv.
650 #0 - SUBJECT ADDED ENTRY--TOPICAL TERM
Topical term or geographic name entry element Names, Personal
Geographic subdivision Pakistan.
650 #0 - SUBJECT ADDED ENTRY--TOPICAL TERM
Topical term or geographic name entry element Names, Personal (Cataloging)
810 2# - SERIES ADDED ENTRY--CORPORATE NAME
Corporate name or jurisdiction name as entry element University of Karachi.
Subordinate unit Department of Library Science.
Title of a work Occasional papers.

No items available.

Powered by Koha